00682cam a22002291 4500001001300000003000400013005001700017008004100034010001700075035002000092040001800112042001200130050001700142110007400159245005400233260002300287300002300310500001500333650004300348740004400391999001700435sa 67000148 DLC20260227112312.0881102s1965 ii 000 0 hino  asa 67000148  a(OCoLC)23538923 aDLCcMiUdDLC apremarc00aPK1936b.I541 aIndia.bStanding Commission for Scientific and Technical Terminology.10aPraśāsana-sabdāvalī, Aṅgrezī-Hindī. a[New Delhi,c1965] axxi, 95 p.c22 cm. aRomanized. 0aEnglish languagexDictionariesxHindi.0 aAdministration glossary, English-Hindi. c71790d71790